Date the Maps - Statistics

General Stats
  • This quiz has been taken 79 times
  • The average score is 2 of 15
Answer Stats
Hint Answer % Correct
‎8th Oldest
57%
Oldest‎
28%
3rd Oldest
23%
‎7th Oldest
17%
4th Oldest
17%
‎5th Oldest
15%
‎10th Oldest
12%
‎6th Oldest
12%
‎9th Oldest
9%
‎14th Oldest
8%
‎12th Oldest
8%
‎13th Oldest
8%
‎11th Oldest
8%
2nd Oldest
3%
‎15th Oldest
3%
No matching quizzes found
Score Distribution
Percent of People with Each Score
Percentile by Number Answered
Your Score History
You have not taken this quiz